Bibliografía del arte en España : (Record no. 32960)

MARC details
000 -LEADER
campo de control de longitud fija 00848nam a2200229 i 4500
001 - NÚMERO DE CONTROL
campo de control 32960
003 - IDENTIFICADOR DE NÚMERO DE CONTROL
campo de control ES-MaACL
005 - FECHA Y HORA DE LA ÚLTIMA TRANSACCIÓN
campo de control 20230906154653.0
007 - CAMPO FIJO DE DESCRIPCIÓN FÍSICA--INFORMACIÓN GENERAL
campo de control de longitud fija t|
008 - DATOS DE LONGITUD FIJA--INFORMACIÓN GENERAL
campo de control de longitud fija 030131s1976 sp ||||1| spa d
020 ## - NÚMERO INTERNACIONAL ESTÁNDAR DEL LIBRO
Número Internacional Estándar del Libro 84-00-03626-3
080 ## - NÚMERO DE LA CLASIFICACIÓN DECIMAL UNIVERSAL
Número de la Clasificación Decimal Universal 014.3:7(05)(460)
080 ## - NÚMERO DE LA CLASIFICACIÓN DECIMAL UNIVERSAL
Número de la Clasificación Decimal Universal 016:7(460)
245 00 - MENCIÓN DEL TÍTULO
Título Bibliografía del arte en España :
Resto del título artículos de revistas clasificados por materias /
Mención de responsabilidad, etc. por María Paz Aguiló ... [et al.].
260 ## - PUBLICACIÓN, DISTRIBUCIÓN, ETC.
Lugar de publicación, distribución, etc. Madrid :
Nombre del editor, distribuidor, etc. Consejo Superior de Investigaciones Científicas, Instituto Diego Velázquez,
Fecha de publicación, distribución, etc. 1976.
300 ## - DESCRIPCIÓN FÍSICA
Extensión XXVII, 1008 p. ;
Dimensiones 28 cm.
650 #4 - PUNTO DE ACCESO ADICIONAL DE MATERIA--TÉRMINO DE MATERIA
Término de materia o nombre geográfico como elemento de entrada Arte-
Subdivisión de forma Publicaciones periódicas-
Subdivisión geográfica España-
Subdivisión de forma Bibliografías.
9 (RLIN) 158043
650 #4 - PUNTO DE ACCESO ADICIONAL DE MATERIA--TÉRMINO DE MATERIA
Término de materia o nombre geográfico como elemento de entrada Arte español-
Subdivisión de forma Bibliografías.
9 (RLIN) 158044
700 1# - ENTRADA AGREGADA--NOMBRE PERSONAL
Nombre de persona Aguiló, María Paz.
9 (RLIN) 18790
710 2# - ENTRADA AGREGADA--NOMBRE DE ENTIDAD CORPORATIVA
Nombre de entidad corporativa o nombre de jurisdicción como elemento de entrada Instituto Diego Velázquez.
9 (RLIN) 5021
852 ## - LOCALIZACIÓN
Ubicación ES-MaACL
Número de control de estantería A-7535
Holdings
Estatus retirado Estado de pérdida Estado de daño No para préstamo Biblioteca de origen Biblioteca actual Ubicación en estantería Fecha de adquisición Fuente de adquisición Total de préstamos Signatura topográfica completa Código de barras Visto por última vez Precio de reemplazo Tipo de ítem Koha
        Biblioteca del Ateneo de Madrid Biblioteca del Ateneo de Madrid Sala Pecera Planta 1 17/01/2008     A-7535 1034247 23/02/2023 23/02/2023 Libro impreso